[Event "Trophee Roza Lallemand Online"]
[Site "Tornelo INT"]
[Date "2020.12.13"]
[Round "6"]
[White "Dupre, Elena"]
[Black "Dinoni Attali, Myriam"]
[Result "1-0"]
[WhiteElo "1334"]
[BlackElo "1129"]
[PlyCount "113"]
[EventDate "2020.12.13"]
[EventType "swiss (rapid)"]
[EventRounds "9"]
[EventCountry "USA"]
[SourceTitle "EXT 2022"]
[Source "ChessBase"]
[SourceDate "2021.10.06"]
[SourceVersion "1"]
[SourceVersionDate "2021.10.06"]
[SourceQuality "1"]

1. d4 d5 2. Nf3 Nc6 3. e3 Nf6 4. c4 dxc4 5. Bxc4 e6 6. 0-0 Be7 7. a3 0-0 8. Nc3 a6 9. b4 b5 10. Ba2 a5 11. Nxb5 Ba6 12. Bc4 axb4 13. axb4 Bxb5 14. Rxa8 Qxa8 15. Bxb5 Nxb4 16. Ne5 Qd5 17. Bc4 Qa8 18. Bd2 Nbd5 19. Qb3 Rb8 20. Qc2 Nb4 21. Bxb4 Bxb4 22. f3 Qa3 23. Nd3 Bd6 24. Rb1 Rxb1+ 25. Qxb1 g6 26. Qb2 Qxb2 27. Nxb2 Kg7 28. g3 h5 29. Kf2 Kh6 30. Nd3 g5 31. e4 Nd7 32. e5 Ba3 33. h3 f5 34. Bxe6 Nf8 35. Bxf5 h4 36. f4 hxg3+ 37. Kxg3 Kh5 38. Bg4+ Kg6 39. f5+ Kh6 40. e6 Bd6+ 41. Kf3 Kg7 42. Ke4 c6 43. Ne5 c5 44. dxc5 Bxc5 45. Nf3 Kf6 46. h4 gxh4 47. Nxh4 Nh7 48. Nf3 Nf8 49. Kd5 Ba3 50. Ne5 Bb2 51. Nd7+ Nxd7 52. exd7 Ke7 53. Kc6 Bf6 54. Kc7 Be5+ 55. Kc8 Bc7 56. Bh3 Bd8 57. f6+ 1-0